| 000 | 00858cab a22002055a 4500 | ||
|---|---|---|---|
| 001 | L140960 | ||
| 008 | 071023e20071020xxk f 000 0 eng d | ||
| 035 | _a(Sirsi) u140960 | ||
| 041 | 0 | _aeng | |
| 100 | 1 | _aMaxwell, Estelle | |
| 245 | 0 | 0 | _aEG auctions |
| 260 | _c2007 | ||
| 490 | 0 |
_aEstates Gazette _v(0742) 20 October 2007, 99-117(10) |
|
| 520 | _aDiscusses future prospects for the auction market following the implosion of the US sub-prime market, UK interest rate rises and the Northern Rock crisis. Speculates on the content of the third RICS "Common auction conditions", due to be consulted on in early 2008, and highlights various issues of debate. | ||
| 590 | _aKA | ||
| 650 | 2 | 4 | _aRICS COMMON AUCTION CONDITIONS FOR AUCTIONS OF REAL ESTATE IN ENGLAND AND WALES |
| 651 | 4 |
_aUnited Kingdom _y |
|
| 690 |
_aAuctioneering _96218 |
||
| 942 | _n0 | ||
| 999 |
_c79393 _d79393 |
||